National building code of India 1983 city planning 2 (Record no. 9703)

000 -LEADER
fixed length control field 00291nam a2200109 4500
003 - CONTROL NUMBER IDENTIFIER
control field OSt
005 - DATE AND TIME OF LATEST TRANSACTION
control field 20211216161304.0
008 - FIXED-LENGTH DATA ELEMENTS--GENERAL INFORMATION
fixed length control field 211216b ||||| |||| 00| 0 eng d
245 ## - TITLE STATEMENT
Title National building code of India 1983 city planning 2
260 ## - PUBLICATION, DISTRIBUTION, ETC. (IMPRINT)
Place of publication, distribution, etc Delhi
Name of publisher, distributor, etc Bureau of Indian standards
942 ## - ADDED ENTRY ELEMENTS (KOHA)
Source of classification or shelving scheme
Holdings
Withdrawn status Lost status Source of classification or shelving scheme Damaged status Not for loan Permanent location Current location Date acquired Barcode Date last seen Price effective from Koha item type
          BMS College of Architecture, Design and Planning BMS College of Architecture, Design and Planning 2021-12-16 AR-DB75 2021-12-16 2021-12-16 Donated Book
          BMS College of Architecture, Design and Planning BMS College of Architecture, Design and Planning 2021-12-16 AR-DB76 2021-12-16 2021-12-16 Donated Book
Copyright © 2025, The Librarian, Library and Information Centre, BMSCA D&P, Bengaluru. All Rights Reserved
web counter

Powered by Koha